Życie Thomasa Edisona - Statystyki

Ogólne statystyki
  • Ten quiz został rozwiązany 11 razy
  • Średni wynik to 7 z 19
Statystyki odpowiedzi
Wskazówka Odpowiedź % Poprawnych
Jego najsłynniejszy wynalazek Żarówka
100%
Jego drugie imię Alva
71%
Ten serbski wynalazca pracował dla niego krótko Nikola Tesla
71%
Dieta, którą dzielił z Gandhim i Hitlerem Wegetariańska
71%
Był współzałożycielem tej firmy, w skrócie GE General Electric
57%
Magnat samochodowy, z którym Edison jeździł na kempingi Henry Ford
43%
Oświadczył się swojej żonie używając tego kodu Kod Morse'a
43%
Uważał, że prąd zmienny jest niebezpieczny. Co oznacza skrót AC? Prąd {przemienny}
43%
(Niesłusznie) twierdzi się, że pomógł porazić prądem mordercze zwierzę o imieniu Topsy. Jakim zwierzęciem była Topsy? Słoniem
43%
Z tego przemysłowego materiału budował domy, a nawet meble Cement
29%
Jego pseudonim: _______z Menlo Park Czarodziej
29%
Jego wynalazek umożliwiający nagrywanie i odtwarzanie dźwięku Fonograf
29%
Otrzymał patent na to urządzenie, które nazwał „kinetografem” Kamera filmowa
29%
Zbudował stację Pearl Street, pierwszą na świecie… elektrownię
14%
Jego laboratorium znajdowało się w tym stanie New Jersey
14%
Ten piłkarz został nazwany na jego cześć Pelé (Edson Arantes do Nascimento )
14%
______ to nonsens Religia
14%
Jego wynalazek do wyświetlania cen akcji Wskaźnik {giełdowy}
14%
Geniusz to wynik 1 procenta natchnienia i 99 procent ________. wypocenia
14%
Nie znaleziono quizów pasujących do podanych kryteriów
Rozkład punktacji
Procent ludzi z każdym wynikiem
Percentyl według liczby udzielonych odpowiedzi
Twoja historia wyników
Nie rozwiązałeś tego quizu